|
|
|
|
| LEADER |
01617nam a2200349 a 4500 |
| 001 |
44488 |
| 003 |
BD-DhAAL |
| 005 |
20250721131310.0 |
| 008 |
070815s2008 nyu 000 1 eng |
| 010 |
|
|
|a 2007033890
|
| 020 |
|
|
|a 9780061537967
|
| 020 |
|
|
|a 9780061537936
|
| 020 |
|
|
|a 0061537934
|
| 035 |
|
|
|a 14967881
|
| 035 |
|
|
|a (OCoLC)165478930
|
| 040 |
|
|
|a DLC
|c DLC
|d YDX
|d BAKER
|d BTCTA
|d YDXCP
|d JP3
|d MNL
|d LCS
|d B2A
|d BWX
|d IXA
|d CDX
|d DLC
|d BD-DhAAL
|
| 050 |
0 |
0 |
|a PS3569.T3655
|b A88 2008
|
| 082 |
0 |
0 |
|a 813.54
|2 23
|
| 100 |
1 |
|
|a Stein, Garth.
|9 58787
|
| 245 |
1 |
4 |
|a The art of racing in the rain :
|b a novel /
|c Garth Stein.
|
| 260 |
|
|
|a New York :
|b Harper,
|c c2008.
|
| 300 |
|
|
|a 321 pages ;
|c 22 cm
|
| 520 |
|
|
|a Nearing the end of his life, Enzo, a dog with a philosopher's soul, tries to bring together the family, pulled apart by a three year custody battle between daughter Zoe's maternal grandparents and her father Denny, a race car driver.
|
| 541 |
|
|
|a Donated by Farhana Zahir, Assistant Professor, BRAC Business School
|e 44488
|
| 650 |
|
0 |
|a Dogs
|v Fiction.
|9 58788
|
| 650 |
|
0 |
|a Automobile racing drivers
|v Fiction.
|9 58789
|
| 655 |
|
0 |
|a Experimental fiction.
|9 58790
|
| 655 |
|
7 |
|a Fiction.
|2 lcgft
|
| 852 |
|
|
|a Ayesha Abed Library
|c General Stacks
|
| 942 |
|
|
|2 ddc
|c BK
|
| 999 |
|
|
|c 47327
|d 47327
|
| 952 |
|
|
|0 0
|1 0
|2 ddc
|4 0
|6 813_540000000000000_STE
|7 0
|9 77863
|a BRACUL
|b BRACUL
|c GEN
|d 2025-07-21
|e Donated by Farhana Zahir, Assistant Professor, BRAC Business School
|l 7
|m 5
|o 813.54 STE
|p 3010044488
|r 2026-03-08
|s 2026-02-01
|t 1
|w 2025-07-21
|y BK
|x Donated by Farhana Zahir, Assistant Professor, BRAC Business School ; USD 14.99
|